LEADER 00902naa a2200217 u 4500 001 000000093982 003 CaOOAMICUS 005 20070226130136.0 008 010723m19851988fr u000 u fre u 035 $a10898220 040 $aPUL(R)$bita 100 1 $aPocar, Fausto.$0(OLS)http://pul/name/29608 245 13$aLa protection de la partie faible en droit international privé /$cpar Fausto Pocar. 260 $a[S. l. :$bs. n.],$c1985-1988. 300 $aP. [339-417] 504 $aBibliografia in nota. 650 4$aDiritto internazionale privato.$0(OLS)http://pul/subject/2921 773 0 $tRecueil des cours$gv.V (1984) 773 0 $tRecueil des cours 1984 : collected courses of The Hague Academy of International Law$w()60437 996 $6245$aLa protection de la partie faible en droit international privé$9(OLS)http://pul/title/120839 996 $6260$a[S. l. :$bs. n.]$9(OLS)http://pul/publisher/47882 LEADER 01423nam a2200313 a 4500 001 000000120826 003 CaOOAMICUS 005 20100319152907.0 008 100319t1992 it a u000 u ita r 040 $aPUL$bita$dReb 245 00$aAvventura. 260 $aRoma :$bEldec,$c©1992. 300 $a347 p. :$bill. ;$c32 cm. 490 1 $aI grandi temi dell'umanitŕ 500 $aCuratori: Vittorio Mathieu, Ferruccio Ulivi, Luigi Lambertini, Ugo Attardi ; [conversando con Attardi a cura di Dante Fasciolo]. 504 $aInclude riferimenti bibliografici ed indice. 650 4$aLetteratura$xAvventura.$0(OLS)http://pul/subject/36601 650 4$aAvventura$xImmagini pittoriche.$0(OLS)http://pul/subject/36602 700 1 $aUlivi, Ferruccio,$d1912-$0(OLS)http://pul/name/36013 700 1 $aFasciolo, Dante.$0(OLS)http://pul/name/75611 700 1 $aLambertini, Luigi.$0(OLS)http://pul/name/75617 700 1 $aMathieu, Vittorio,$d1923-2020.$0(OLS)http://pul/name/5896 700 1 $aAttardi, Ugo,$d1923-$0(OLS)http://pul/name/314 830 2$aI grandi temi dell'umanitŕ.$0(OLS)http://pul/title/151948 850 $aPUL 852 $aPUL$W1$xSL Cons. Gen., Altre Classi 3$y75$m035 ENC 3.4$j138526$qDDC 21$B137749$CPULBib$Z2$F137749 $H113109 $82 941 1 $a9 996 $6245$aAvventura$9(OLS)http://pul/title/151952 996 $6260$aRoma :$bEldec$9(OLS)http://pul/publisher/81251 LEADER 01892namaa2200433 i 4500 001 000000178530 003 CaOOAMICUS 005 20260225154635.0 008 260225s2026 it 000 u ita r 020 $a978-88-343-6100-9* 032 $aLibriCat 040 $aPUL$bita 082 00$a938 100 1 $aBearzot, Cinzia,$d1955-,$eautore.$0(OLS)http://pul/name/23261 245 10$aHoson Dynaton :$bstudi su Tucidide e Senofonte /$cCinzia Bearzot ; a cura di Laura Loddo e Paolo A. Tuci. 260 $aMilano :$bVita e pensiero,$c©2026. 300 $aXVII, 471 pagine ;$a22 cm 336 $atesto$btxt$2rdacontent 337 $asenza mediazione$bn$2rdamedia 338 $avolume$bnc$2rdacarrier 440 0$aRicerche (Vita e Pensiero).$pStoria 504 $aBibliografia in nota. 650 4$aStoriografia greca$xStudi.$0(OLS)http://pul/subject/30640 700 1 $aTuci, Paolo A.,$d1974-,$ecuratore.$0(OLS)http://pul/name/63320 700 1 $aLoddo, Laura,$d1982-,$ecuratore.$0(OLS)http://pul/name/114884 830 0$aRicerche (Vita e Pensiero).$pStoria.$0(OLS)http://pul/title/174438 850 $aPUL 852 $aPUL$W1$xDP1 Cons. Gen., Altre Classi 1$y22$m389 C 108$j202328$qStampati$B207659$CPULBib$Z2$F207659 $H138460 $82 941 1 $a8 983 0$aStoria.$pRicerche (Vita e pensiero) 983 0$aV & P. Storia. Ricerche. 983 0$aStoria.$pRicerche (Vita e pensiero) 983 0$aV & P. Storia. Ricerche. 996 $6020$a978-88-343-6100-9*$9(OLS)http://pul/number/170880 996 $6082$a938$9(OLS)http://pul/classification/56 996 $6245$aHoson Dynaton :$bstudi su Tucidide e Senofonte$9(OLS)http://pul/title/220120 996 $6440$aRicerche (Vita e Pensiero).$pStoria $9(OLS)http://pul/title/174438 996 $6260$aMilano :$bVita e pensiero$9(OLS)http://pul/publisher/48016